[Event "Vallfogona de Balaguer Farre Mem 2nd"]
[Site "Vallfogona de Balaguer"]
[Date "2023.05.13"]
[Round "5"]
[White "Campos Olaya, Israel"]
[Black "Benseny Martinez, Guerau"]
[Result "1-0"]
[WhiteElo "2233"]
[BlackElo "1929"]
[PlyCount "165"]
[EventDate "2023.04.15"]
[EventType "swiss"]
[EventRounds "8"]
[EventCountry "ESP"]
[SourceTitle "EXT 2024"]
[Source "ChessBase"]
[SourceDate "2023.10.10"]
[SourceVersion "1"]
[SourceVersionDate "2023.10.10"]
[SourceQuality "1"]

1. e4 c5 2. Nf3 e6 3. d4 cxd4 4. Nxd4 a6 5. Nc3 b5 6. g3 Bb7 7. Bg2 Nf6 8. Qe2 Nc6 9. Nxc6 Bxc6 10. Nd5 Be7 11. Nxe7 Qxe7 12. 0-0 0-0 13. Rd1 Rfd8 14. Bd2 b4 15. a3 a5 16. axb4 axb4 17. Rxa8 Rxa8 18. Qc4 Rb8 19. Ra1 h6 20. b3 Qd6 21. Be3 Qc7 22. Ra7 Qc8 23. Qd4 Ra8 24. f3 d5 25. e5 Nd7 26. f4 Rxa7 27. Qxa7 Bb5 28. Qa5 Qc3 29. Bf2 Bc6 30. h4 h5 31. Qd8+ Nf8 32. Qb8 g6 33. Kf1 Kg7 34. Be1 Qxc2 35. Qxb4 Nd7 36. Qc3 Bb5+ 37. Kg1 Qb1 38. Kh2 d4 39. Qb4 Be2 40. Qxd4 Qxe1 41. Qxd7 Bf1 42. Bxf1 Qxf1 43. Qd2 Qb5 44. b4 Qc4 45. Qb2 Qb5 46. Kg2 Qb7+ 47. Kf2 Qh1 48. Qc3 Qh2+ 49. Ke1 Qg1+ 50. Kd2 Qf2+ 51. Kc1 Qf1+ 52. Kb2 Qe2+ 53. Ka3 Qa6+ 54. Kb3 Qe2 55. Qc4 Qd1+ 56. Qc2 Qf3+ 57. Qc3 Qd5+ 58. Ka4 Qa8+ 59. Kb5 Qb7+ 60. Kc5 Qc7+ 61. Kd4 Qd7+ 62. Ke3 Qd5 63. Kf2 Qa2+ 64. Ke1 Qb1+ 65. Kd2 Qa2+ 66. Kc1 Qf2 67. Kb1 Qf1+ 68. Ka2 Qe2+ 69. Kb3 Qd1+ 70. Ka3 Qb1 71. Qe3 Qa1+ 72. Kb3 Qd1+ 73. Kc3 Qa1+ 74. Kc4 Qa2+ 75. Qb3 Qe2+ 76. Kc5 Qf2+ 77. Kc6 Qa7 78. b5 Qa8+ 79. Kb6 Qb8+ 80. Ka5 Qa7+ 81. Kb4 Kf8 82. Qc3 Ke8 83. Qc8+ 1-0

[Event "Vallfogona de Balaguer Farre Mem 2nd"]
[Site "Vallfogona de Balaguer"]
[Date "2023.04.22"]
[Round "2"]
[White "Mir Carnice, Jordi"]
[Black "Campos Olaya, Israel"]
[Result "0-1"]
[WhiteElo "1813"]
[BlackElo "2233"]
[PlyCount "44"]
[EventDate "2023.04.15"]
[EventType "swiss"]
[EventRounds "8"]
[EventCountry "ESP"]
[SourceTitle "EXT 2024"]
[Source "ChessBase"]
[SourceDate "2023.10.10"]
[SourceVersion "1"]
[SourceVersionDate "2023.10.10"]
[SourceQuality "1"]

1. d4 Nf6 2. Nc3 e6 3. e4 d5 4. Bg5 Be7 5. Bxf6 Bxf6 6. e5 Be7 7. Qg4 Bf8 8. Nh3 c5 9. Nb5 g6 10. Qg5 Nc6 11. Qxd8+ Kxd8 12. Ng5 Ke7 13. c3 f6 14. Nf3 a6 15. Nd6 fxe5 16. Nxc8+ Rxc8 17. dxc5 Kd7 18. b4 e4 19. Nd4 Bg7 20. 0-0-0 Bxd4 21. Rxd4 Nxd4 22. cxd4 Rhf8 0-1

[Event "Lleida Regional-ch"]
[Site "Lleida"]
[Date "2022.11.06"]
[Round "5"]
[White "Ribera Veganzones, Josep Maria"]
[Black "Campos Olaya, Israel"]
[Result "1-0"]
[WhiteElo "2167"]
[BlackElo "2261"]
[PlyCount "157"]
[EventDate "2022.10.02"]
[EventType "swiss"]
[EventRounds "8"]
[EventCountry "ESP"]
[SourceTitle "EXT 2024"]
[Source "ChessBase"]
[SourceDate "2023.10.10"]
[SourceVersion "1"]
[SourceVersionDate "2023.10.10"]
[SourceQuality "1"]

1. e4 e6 2. d4 d5 3. Nd2 Be7 4. e5 c5 5. c3 Nc6 6. Ngf3 cxd4 7. cxd4 Nh6 8. Bd3 Nf5 9. Nb3 a5 10. a4 Nb4 11. Bb5+ Bd7 12. Bxd7+ Qxd7 13. 0-0 0-0 14. g4 Nh4 15. Nxh4 Bxh4 16. g5 Qc6 17. Qg4 Nc2 18. Be3 Nxa1 19. Rxa1 Bxf2+ 20. Kxf2 Qc2+ 21. Nd2 Rac8 22. Ra3 Rc4 23. Rb3 Rxa4 24. Rxb7 Ra1 25. Kg3 Re1 26. Qf4 a4 27. Nf3 Rb1 28. Bd2 Rxb2 29. Bb4 Qc8 30. Rb5 Re8 31. Rc5 Qd7 32. Ba3 Rb1 33. Qd2 Qb7 34. Qc2 Rb3 35. Qc1 Qa6 36. Rc7 Qd3 37. Qf4 Qg6 38. Bd6 h6 39. h4 hxg5 40. hxg5 Qh5 41. Ra7 Rc8 42. Qg4 Qxg4+ 43. Kxg4 g6 44. Be7 a3 45. Rxa3 Rxa3 46. Bxa3 Rc3 47. Bc5 Rb3 48. Kf4 Rd3 49. Nh2 Rb3 50. Ng4 Kg7 51. Ne3 Rb1 52. Kf3 Ra1 53. Ke2 Rg1 54. Be7 Rb1 55. Kd2 Rb7 56. Bd6 Rb3 57. Nd1 Rg3 58. Be7 Kg8 59. Kc2 Kh7 60. Nc3 Rg4 61. Nb5 Rg3 62. Nd6 Kg8 63. Nb7 Kg7 64. Nc5 Kg8 65. Nb3 Kg7 66. Kb2 Rd3 67. Ka3 Rc3 68. Kb4 Rc2 69. Na5 Kg8 70. Kb5 Rc1 71. Nc6 Rb1+ 72. Kc5 Ra1 73. Kd6 Ra6 74. Kd7 Ra8 75. Bc5 Kg7 76. Nd8 Kg8 77. Ke7 Rc8 78. Bd6 Rc4 79. Bc5 1-0

[Event "Vallfogona de Balaguer Farre Mem 1st"]
[Site "Vallfogona de Balaguer"]
[Date "2022.06.04"]
[Round "7"]
[White "Campos Olaya, Israel"]
[Black "Martinez Lopez, Ivan"]
[Result "1-0"]
[WhiteElo "2255"]
[BlackElo "2207"]
[PlyCount "107"]
[EventDate "2022.04.23"]
[EventType "swiss"]
[EventRounds "8"]
[EventCountry "ESP"]
[SourceTitle "EXT 2023"]
[Source "ChessBase"]
[SourceDate "2022.10.05"]
[SourceVersion "1"]
[SourceVersionDate "2022.10.05"]
[SourceQuality "1"]

1. e4 c6 2. d4 d5 3. e5 Qc7 4. c4 dxc4 5. Bxc4 c5 6. d5 Qxe5+ 7. Be3 Qe4 8. Bf1 e6 9. Nc3 Qb4 10. Bb5+ Bd7 11. dxe6 Bxb5 12. exf7+ Kxf7 13. Qd5+ Ke8 14. 0-0-0 Be7 15. Qxb7 Bc6 16. Qc8+ Kf7 17. Nf3 Bxf3 18. gxf3 Qb6 19. Nd5 Qc6 20. Nxe7 Qxc8 21. Nxc8 Nf6 22. Nd6+ Kg8 23. Bxc5 Nbd7 24. Bd4 a5 25. Rhg1 Ra6 26. Bxf6 Nxf6 27. Nf5 Ne8 28. Nxg7 Kf7 29. Rd7+ Kf6 30. Nh5+ Ke6 31. Rgd1 Rc6+ 32. Kb1 Nd6 33. Ra7 Rhc8 34. Rxh7 Nc4 35. Rh6+ Ke5 36. Rxc6 Rxc6 37. b3 Nb6 38. Re1+ Kf5 39. Re4 Nd5 40. Ng3+ Kf6 41. Kb2 Nb4 42. Rc4 Rb6 43. Ne4+ Kf5 44. Nc5 Rh6 45. h4 Rd6 46. Ne4 Rd1 47. a3 Nd5 48. h5 Nf4 49. h6 Kg6 50. Rc6+ Kf5 51. h7 Rd8 52. Rf6+ Ke5 53. Rh6 Rh8 54. Nd6 1-0

[Event "Canovelles op"]
[Site "Canovelles"]
[Date "2022.01.02"]
[Round "7"]
[White "Fernandez Aguilar, Francisco"]
[Black "Campos Olaya, Israel"]
[Result "0-1"]
[WhiteElo "2142"]
[BlackElo "2213"]
[PlyCount "55"]
[EventDate "2021.12.27"]
[EventType "swiss"]
[EventRounds "7"]
[EventCountry "ESP"]
[SourceTitle "CBM 206 Extra"]
[Source "ChessBase"]
[SourceDate "2022.03.31"]
[SourceVersion "1"]
[SourceVersionDate "2022.03.31"]
[SourceQuality "1"]

1. Nf3 d5 2. g3 Nc6 3. d4 Bg4 4. Bg2 Qd7 5. 0-0 0-0-0 6. c4 dxc4 7. Qa4 Kb8 8. Qxc4 Bxf3 9. exf3 Nxd4 10. Nc3 e5 11. f4 f6 12. fxe5 fxe5 13. f4 Bd6 14. fxe5 Bxe5 15. Bf4 Bf6 16. Nd5 Ne6 17. Rac1 Bd4+ 18. Kh1 Nxf4 19. Rxf4 Be5 20. Rff1 c6 21. Nb4 Ne7 22. Rf7 Bf6 23. a4 a5 24. Rxe7 Bxe7 25. Bxc6 Qd4 26. Na6+ Ka7 27. Qf7 Qe3 28. Qc4 0-1

[Event "Canovelles op"]
[Site "Canovelles"]
[Date "2021.12.29"]
[Round "4"]
[White "Campos Olaya, Israel"]
[Black "Munoz Pantoja, Miguel Angel"]
[Result "1/2-1/2"]
[WhiteElo "2213"]
[BlackElo "2435"]
[PlyCount "102"]
[EventDate "2021.12.27"]
[EventType "swiss"]
[EventRounds "7"]
[EventCountry "ESP"]
[SourceTitle "CBM 206 Extra"]
[Source "ChessBase"]
[SourceDate "2022.03.31"]
[SourceVersion "1"]
[SourceVersionDate "2022.03.31"]
[SourceQuality "1"]

1. e4 d5 2. exd5 Qxd5 3. Nc3 Qa5 4. d4 Nf6 5. Nf3 Bg4 6. h3 Bh5 7. g4 Bg6 8. Ne5 e6 9. h4 Bb4 10. Bd2 Nbd7 11. Nxd7 Kxd7 12. h5 Be4 13. Nxe4 Nxe4 14. c3 Be7 15. Bg2 Nxd2 16. Qxd2 c6 17. Rh3 Qg5 18. Qxg5 Bxg5 19. Rd1 Kc7 20. Be4 Rae8 21. Kf1 g6 22. Bd3 f5 23. gxf5 gxf5 24. Re1 h6 25. Bc4 Kd6 26. a4 a5 27. Rf3 Re7 28. Rg3 Rb8 29. Rd3 b6 30. Re2 Bf4 31. Rf3 Bc1 32. Rg3 Bg5 33. Rd3 Rbe8 34. Rd1 Bf4 35. Rde1 e5 36. dxe5+ Rxe5 37. Rxe5 Rxe5 38. Rd1+ Ke7 39. Be2 Rd5 40. Rxd5 cxd5 41. Bf3 Bc1 42. Bxd5 Bxb2 43. Bc6 Bxc3 44. f3 Kf6 45. Kg2 Kg5 46. Be8 Bd4 47. Kg3 Be3 48. Kg2 b5 49. Bxb5 Kxh5 50. Kh3 Kg5 51. Bc6 h5 1/2-1/2

[Event "Canovelles op"]
[Site "Canovelles"]
[Date "2021.12.27"]
[Round "1"]
[White "Prada Villagrasa, Adria"]
[Black "Campos Olaya, Israel"]
[Result "0-1"]
[WhiteElo "1589"]
[BlackElo "2213"]
[PlyCount "82"]
[EventDate "2021.12.27"]
[EventType "swiss"]
[EventRounds "7"]
[EventCountry "ESP"]
[SourceTitle "CBM 206 Extra"]
[Source "ChessBase"]
[SourceDate "2022.03.31"]
[SourceVersion "1"]
[SourceVersionDate "2022.03.31"]
[SourceQuality "1"]

1. d4 Nf6 2. c4 g6 3. Nc3 Bg7 4. e4 d6 5. Nf3 0-0 6. Be2 e5 7. d5 a5 8. Bg5 h6 9. Be3 Ng4 10. Qd2 Na6 11. a3 Bd7 12. 0-0 a4 13. Ne1 Nxe3 14. Qxe3 Nc5 15. Bd1 Bf6 16. Nd3 Bg5 17. Qe2 b6 18. Nxc5 bxc5 19. b4 axb3 20. Bxb3 f5 21. f3 Bf4 22. g3 Qg5 23. Rfe1 Bd2 24. f4 Bxf4 25. Kh1 Bd2 26. h4 Qxg3 27. Qxd2 f4 28. Qg2 Qxh4+ 29. Qh2 Bh3 30. Rf1 f3 31. Rf2 g5 32. Nb5 g4 33. Rg1 Bg2+ 34. Rfxg2 fxg2+ 35. Rxg2 Rf1+ 36. Rg1 Rxg1+ 37. Kxg1 Qe1+ 38. Kg2 Rf8 39. Qg1 Qe2+ 40. Kg3 Qf3+ 41. Kh2 Qh3# 0-1

[Event "Lleida Region-ch"]
[Site "Lleida"]
[Date "2021.10.24"]
[Round "4"]
[White "Luke Brezmes, Cristofer"]
[Black "Campos Olaya, Israel"]
[Result "1/2-1/2"]
[WhiteElo "2038"]
[BlackElo "2213"]
[PlyCount "99"]
[EventDate "2021.10.03"]
[EventType "swiss"]
[EventRounds "8"]
[EventCountry "ESP"]
[SourceTitle "EXT 2023"]
[Source "ChessBase"]
[SourceDate "2022.10.05"]
[SourceVersion "1"]
[SourceVersionDate "2022.10.05"]
[SourceQuality "1"]

1. e4 d5 2. exd5 Qxd5 3. Nf3 Nf6 4. d4 c6 5. Nc3 Qa5 6. Bc4 Bf5 7. Bd2 e6 8. Qe2 Bb4 9. 0-0-0 Nbd7 10. a3 Bxc3 11. Bxc3 Qc7 12. Ne5 Nxe5 13. Qxe5 0-0-0 14. Qxc7+ Kxc7 15. Ba5+ b6 16. Be1 Rd7 17. f3 b5 18. Be2 h5 19. b3 Nd5 20. Bd2 Kc8 21. c4 bxc4 22. Bxc4 Nb6 23. Ba6+ Kb8 24. Bf4+ Ka8 25. Bg3 Rhd8 26. Bf2 Nd5 27. Kb2 Rb8 28. Rc1 Rb6 29. Bc4 Kb7 30. a4 a5 31. h3 Bg6 32. Rhe1 Rb4 33. Re5 Nf4 34. Rxa5 Kb6 35. Ra6+ Kb7 36. Ra5 Kb6 37. Rc5 Rxc4 38. R1xc4 Nd3+ 39. Kc3 Nxc5 40. Rxc5 Kb7 41. Rc4 Rd5 42. Rb4+ Ka7 43. h4 Bf5 44. Bg3 Rd8 45. Bc7 Rd7 46. Bb8+ Ka6 47. Bg3 Ka7 48. Kc4 Bc2 49. Kc5 Rb7 50. Rxb7+ 1/2-1/2

[Event "Llinars del Valles op 1st"]
[Site "Llinars del Valles"]
[Date "2021.07.02"]
[Round "8"]
[White "Iborra Polo, Eric"]
[Black "Campos Olaya, Israel"]
[Result "0-1"]
[WhiteElo "1733"]
[BlackElo "2228"]
[PlyCount "72"]
[EventDate "2021.06.25"]
[EventType "swiss"]
[EventRounds "9"]
[EventCountry "ESP"]
[SourceTitle "CBM 203 Extra"]
[Source "ChessBase"]
[SourceDate "2021.09.30"]
[SourceVersion "1"]
[SourceVersionDate "2021.09.30"]
[SourceQuality "1"]

1. e4 g6 2. d4 Bg7 3. Nf3 c6 4. Bd3 d5 5. e5 h5 6. h3 Nh6 7. 0-0 0-0 8. b4 a5 9. c3 axb4 10. cxb4 Na6 11. Qb3 Qb6 12. Bxh6 Bxh6 13. b5 Nc7 14. Nc3 Qa5 15. Rfb1 Ne6 16. Ne2 c5 17. Qxd5 Rd8 18. Qc4 cxd4 19. Nfxd4 Nxd4 20. Nxd4 Bg7 21. Re1 Qb6 22. Nf3 Ra3 23. Bf1 Be6 24. Qb4 Rda8 25. Qxe7 Bf8 26. Qh4 Rxa2 27. Rxa2 Rxa2 28. Re2 Ra1 29. Re1 Ra2 30. Re2 Ra8 31. Rc2 Ra1 32. Qd4 Qa5 33. Nd2 Bh6 34. Nc4 Qe1 35. Qd3 Bf5 36. Qd8+ Kh7 0-1

[Event "Llinars del Valles op 1st"]
[Site "Llinars del Valles"]
[Date "2021.06.27"]
[Round "3"]
[White "Campos Olaya, Israel"]
[Black "De Leon Navarro, Claudio"]
[Result "0-1"]
[WhiteElo "2228"]
[BlackElo "1855"]
[PlyCount "84"]
[EventDate "2021.06.25"]
[EventType "swiss"]
[EventRounds "9"]
[EventCountry "ESP"]
[SourceTitle "CBM 203 Extra"]
[Source "ChessBase"]
[SourceDate "2021.09.30"]
[SourceVersion "1"]
[SourceVersionDate "2021.09.30"]
[SourceQuality "1"]

1. e4 e6 2. d3 d5 3. Nd2 c5 4. Ngf3 Nf6 5. g3 Nc6 6. Bg2 Be7 7. 0-0 0-0 8. Re1 b5 9. e5 Nd7 10. Nf1 b4 11. h4 a5 12. N1h2 Qc7 13. Bf4 a4 14. a3 bxa3 15. bxa3 Nd4 16. h5 Rb8 17. h6 g6 18. Ng4 Rb2 19. Ne3 Bb7 20. c4 Nxf3+ 21. Bxf3 d4 22. Nf1 Rb8 23. Bxb7 Qxb7 24. Nd2 Qc6 25. Ne4 R2b3 26. Bg5 Bxg5 27. Nxg5 Qc7 28. Qf3 Rf8 29. Ne4 Qd8 30. Nd2 Rb2 31. Ne4 Rb3 32. Ra2 Qe7 33. Nd2 Rb6 34. Qd1 f6 35. exf6 Nxf6 36. Qxa4 Ng4 37. Ne4 Ne5 38. Rd1 Qf7 39. f4 Ng4 40. Ng5 Qb7 41. Re2 Ne3 42. Rde1 Ra8 0-1

[Event "Barcelona Martorell-ch 37th"]
[Site "Barcelona"]
[Date "2019.11.16"]
[Round "9"]
[White "Campos Olaya, Israel"]
[Black "Munoz Pantoja, Miguel Angel"]
[Result "1/2-1/2"]
[WhiteElo "2198"]
[BlackElo "2519"]
[PlyCount "23"]
[EventDate "2019.09.14"]
[EventType "swiss"]
[EventRounds "9"]
[EventCountry "ESP"]
[SourceTitle "CBM 193 Extra"]
[Source "ChessBase"]
[SourceDate "2020.01.31"]
[SourceVersion "1"]
[SourceVersionDate "2020.01.31"]
[SourceQuality "1"]

1. e4 d5 2. exd5 Qxd5 3. Nc3 Qa5 4. d4 Nf6 5. a3 Bg4 6. f3 Bd7 7. b4 Qb6 8. Be3 a5 9. b5 c6 10. Qd2 Nd5 11. Nxd5 cxd5 12. Bd3 1/2-1/2

[Event "Barcelona Martorell-ch 37th"]
[Site "Barcelona"]
[Date "2019.10.05"]
[Round "4"]
[White "Campos Olaya, Israel"]
[Black "Nieto Farreny, Francesc"]
[Result "1-0"]
[WhiteElo "2198"]
[BlackElo "2232"]
[PlyCount "89"]
[EventDate "2019.09.14"]
[EventType "swiss"]
[EventRounds "9"]
[EventCountry "ESP"]
[SourceTitle "CBM 193 Extra"]
[Source "ChessBase"]
[SourceDate "2020.01.31"]
[SourceVersion "1"]
[SourceVersionDate "2020.01.31"]
[SourceQuality "1"]

1. e4 c5 2. Nf3 g6 3. d4 cxd4 4. Nxd4 Nc6 5. c4 Nf6 6. Nc3 d6 7. Be2 Nxd4 8. Qxd4 Bg7 9. Be3 0-0 10. Qd3 Nd7 11. Rd1 Qa5 12. Bd4 Nc5 13. Qc2 f5 14. Bxg7 Kxg7 15. 0-0 Rf7 16. a3 Nxe4 17. Nxe4 fxe4 18. Qxe4 Qb6 19. Qd4+ Qxd4 20. Rxd4 Be6 21. Bf3 Rc8 22. b3 Rc7 23. Re1 Bc8 24. h3 Rf6 25. Bd5 g5 26. Rde4 e5 27. R4e3 h6 28. Rd1 Kf8 29. a4 Ke7 30. a5 Be6 31. Bf3 Bc8 32. Rd5 a6 33. c5 Rxc5 34. Rexe5+ dxe5 35. Rxc5 Be6 36. Rc7+ Kd8 37. Rxb7 Bxh3 38. Rb8+ Kc7 39. Rb6 Rf4 40. Rxa6 Bc8 41. Rc6+ Kd7 42. Rxh6 Rb4 43. Bd5 Rd4 44. Be6+ Kc7 45. Rh7+ 1-0

[Event "Barcelona Lleida op"]
[Site "Barcelona"]
[Date "2019.05.25"]
[Round "6.1"]
[White "Cots Valls, Jordi"]
[Black "Campos Olaya, Israel"]
[Result "0-1"]
[WhiteElo "1660"]
[BlackElo "2235"]
[PlyCount "26"]
[EventDate "2019.04.06"]
[EventType "swiss"]
[EventRounds "9"]
[EventCountry "ESP"]
[SourceTitle "EXT 2024"]
[Source "ChessBase"]
[SourceDate "2023.10.10"]
[SourceVersion "1"]
[SourceVersionDate "2023.10.10"]
[SourceQuality "1"]

1. e4 e6 2. d4 d5 3. e5 c5 4. Bb5+ Bd7 5. Bxd7+ Nxd7 6. c3 Ne7 7. Bg5 Qb6 8. Qb3 Qa6 9. a4 cxd4 10. cxd4 Nc6 11. Ne2 Qxe2+ 12. Kxe2 Nxd4+ 13. Kd1 Nxb3 0-1

[Event "Barcelona Lleida op"]
[Site "Barcelona"]
[Date "2019.05.04"]
[Round "3.1"]
[White "Campos Olaya, Israel"]
[Black "Rodon Balcells, Jaume"]
[Result "1-0"]
[WhiteElo "2235"]
[BlackElo "1862"]
[PlyCount "71"]
[EventDate "2019.04.06"]
[EventType "swiss"]
[EventRounds "9"]
[EventCountry "ESP"]
[SourceTitle "EXT 2024"]
[Source "ChessBase"]
[SourceDate "2023.10.10"]
[SourceVersion "1"]
[SourceVersionDate "2023.10.10"]
[SourceQuality "1"]

1. e4 e5 2. Nf3 Nf6 3. Nxe5 d6 4. Nf3 Nxe4 5. c4 Be7 6. d4 d5 7. Nc3 Nf6 8. Qb3 c6 9. Be2 Qb6 10. Qxb6 axb6 11. cxd5 Bb4 12. dxc6 bxc6 13. 0-0 0-0 14. Ne5 Nfd7 15. Ne4 Nxe5 16. dxe5 Re8 17. f4 b5 18. Bf3 Be6 19. a3 Nd7 20. Be3 Be7 21. Rac1 Bd5 22. Nc5 Nb6 23. Bxd5 Nxd5 24. Bd4 g5 25. fxg5 Bxg5 26. Rce1 Be7 27. e6 f6 28. Nd7 Kg7 29. Re4 Ra4 30. Rg4+ Kh8 31. b4 Rg8 32. Nxf6 Nxf6 33. Rxf6 Bc5 34. Rxg8+ Kxg8 35. Bxc5 Rxa3 36. e7 1-0

[Event "Martorell op 36th"]
[Site "Martorell"]
[Date "2018.09.22"]
[Round "2"]
[White "Roca Calaf, Jordi"]
[Black "Campos Olaya, Israel"]
[Result "1-0"]
[WhiteElo "2010"]
[BlackElo "2218"]
[PlyCount "69"]
[EventDate "2018.09.15"]
[EventType "swiss"]
[EventRounds "9"]
[EventCountry "ESP"]
[SourceTitle "CBM 189 Extra"]
[Source "ChessBase"]
[SourceDate "2019.06.03"]
[SourceVersion "1"]
[SourceVersionDate "2019.06.03"]
[SourceQuality "1"]

1. e4 d5 2. exd5 Nf6 3. Nc3 Nxd5 4. Bc4 Nb6 5. Bb3 c5 6. Qh5 e6 7. d3 N8d7 8. Nge2 Nf6 9. Qf3 Bd6 10. Bg5 h6 11. Bh4 Be7 12. 0-0 0-0 13. Rfe1 a6 14. Bg3 Bd6 15. Rad1 Bxg3 16. Nxg3 Qc7 17. Nce4 Nbd7 18. Nh5 Nxh5 19. Qxh5 b5 20. c3 Bb7 21. Qh3 Rfe8 22. Bc2 Rad8 23. Re3 f5 24. Nd2 Nf6 25. Rde1 Qf4 26. Qg3 Nd5 27. Qxf4 Nxf4 28. f3 Kf7 29. Nb3 Rc8 30. Re5 Bd5 31. d4 Bxb3 32. Bxb3 cxd4 33. Rxf5+ Kg6 34. Rxf4 e5 35. Rg4+ 1-0

[Event "Salou op U2300 3rd"]
[Site "Salou"]
[Date "2018.04.30"]
[Round "5"]
[White "Birjukov, Sergey"]
[Black "Campos Olaya, Israel"]
[Result "1-0"]
[WhiteElo "2169"]
[BlackElo "2206"]
[PlyCount "63"]
[EventDate "2018.04.28"]
[EventType "swiss"]
[EventRounds "7"]
[EventCountry "ESP"]
[SourceTitle "CBM 184 Extra"]
[Source "ChessBase"]
[SourceDate "2018.06.28"]
[SourceVersion "1"]
[SourceVersionDate "2018.06.28"]
[SourceQuality "1"]

1. d4 Nf6 2. c4 c5 3. d5 e6 4. Nc3 exd5 5. cxd5 d6 6. Nf3 g6 7. e4 Bg7 8. Bf4 0-0 9. Be2 Bg4 10. 0-0 Re8 11. h3 Nxe4 12. hxg4 Bxc3 13. Bb5 Bxb2 14. Bxe8 Qxe8 15. Re1 Bc3 16. Re3 Bxa1 17. Qxa1 Nd7 18. Bh6 f6 19. Nd2 Qe5 20. Qe1 Qxd5 21. Nxe4 Qd4 22. g5 fxg5 23. Nxg5 Ne5 24. Ne6 Qg4 25. Nc7 Rc8 26. Nb5 Qh5 27. Nxd6 Rb8 28. Rxe5 Qxh6 29. Re7 Qf8 30. Qe6+ Kh8 31. Nf7+ Kg7 32. Qe5+ 1-0

[Event "Salou op U2300 3rd"]
[Site "Salou"]
[Date "2018.04.28"]
[Round "1"]
[White "Dartmann Aubanell, Catriona"]
[Black "Campos Olaya, Israel"]
[Result "0-1"]
[WhiteElo "1726"]
[BlackElo "2206"]
[PlyCount "62"]
[EventDate "2018.04.28"]
[EventType "swiss"]
[EventRounds "7"]
[EventCountry "ESP"]
[SourceTitle "CBM 184 Extra"]
[Source "ChessBase"]
[SourceDate "2018.06.28"]
[SourceVersion "1"]
[SourceVersionDate "2018.06.28"]
[SourceQuality "1"]

1. e4 d5 2. exd5 Nf6 3. Bb5+ Nbd7 4. c4 a6 5. Bxd7+ Bxd7 6. Nc3 g6 7. Nge2 Bg7 8. b3 0-0 9. Bb2 b5 10. d3 c6 11. Qd2 cxd5 12. Nxd5 Nxd5 13. Bxg7 Kxg7 14. cxd5 Bc8 15. Qc3+ Kg8 16. Qc5 Bb7 17. 0-0 Rc8 18. Qb4 Qxd5 19. Nf4 Qg5 20. f3 Rc2 21. Rf2 Rxf2 22. Kxf2 a5 23. Nh3 Qf6 24. Qe1 Qd4+ 25. Ke2 Rc8 26. Rd1 a4 27. Qf2 Rc2+ 28. Rd2 Qe5+ 29. Kd1 Rc8 30. Qb6 axb3 31. axb3 Bd5 0-1

[Event "Martorell op 35th"]
[Site "Martorell"]
[Date "2017.11.18"]
[Round "9"]
[White "Jove Grau, Lluis"]
[Black "Campos Olaya, Israel"]
[Result "0-1"]
[WhiteElo "2082"]
[BlackElo "2189"]
[PlyCount "97"]
[EventDate "2017.09.16"]
[EventType "swiss"]
[EventRounds "9"]
[EventCountry "ESP"]
[SourceTitle "CBM 189 Extra"]
[Source "ChessBase"]
[SourceDate "2019.06.03"]
[SourceVersion "1"]
[SourceVersionDate "2019.06.03"]
[SourceQuality "1"]

1. d4 Nf6 2. Nf3 g6 3. Bg5 Bg7 4. e3 d6 5. Bd3 c5 6. c3 Nc6 7. Nbd2 0-0 8. 0-0 Qc7 9. Qe2 Re8 10. h3 e5 11. dxe5 dxe5 12. Bxf6 Bxf6 13. e4 Bg7 14. Qe3 Nd8 15. Bc4 Ne6 16. g3 a6 17. a4 Bd7 18. Bd5 Rad8 19. a5 Bb5 20. Rfd1 h6 21. b3 Nf4 22. gxf4 Rxd5 23. exd5 exf4 24. d6 Qxd6 25. Qxe8+ Bxe8 26. Nc4 Qf6 27. Rd3 Bc6 28. Re1 Qf5 29. Rd8+ Kh7 30. Nce5 Qxh3 31. Nxc6 Qxf3 32. Ne5 Qxc3 33. Nd3 Qf6 34. Rd7 Qg5+ 35. Kf1 f3 36. Ree7 Qg2+ 37. Ke1 Bc3+ 38. Kd1 h5 39. Rxf7+ Kh6 40. Nf4 Qf1+ 41. Kc2 Bd4 42. Rh7+ Kg5 43. Ne6+ Kh4 44. Nxd4 Qxf2+ 45. Kd3 cxd4 46. Rxd4+ Kh3 47. Rf7 Qe2+ 48. Kc3 f2 49. Rd2 0-1

[Event "Martorell op 35th"]
[Site "Martorell"]
[Date "2017.11.11"]
[Round "8"]
[White "Campos Olaya, Israel"]
[Black "Sirera Bargallo, Tomas"]
[Result "1-0"]
[WhiteElo "2189"]
[BlackElo "2061"]
[PlyCount "55"]
[EventDate "2017.09.16"]
[EventType "swiss"]
[EventRounds "9"]
[EventCountry "ESP"]
[SourceTitle "CBM 189 Extra"]
[Source "ChessBase"]
[SourceDate "2019.06.03"]
[SourceVersion "1"]
[SourceVersionDate "2019.06.03"]
[SourceQuality "1"]

1. e4 c5 2. Nc3 Nc6 3. Bb5 Nd4 4. Nf3 a6 5. Bd3 e6 6. 0-0 b5 7. Nxd4 cxd4 8. Ne2 Bc5 9. b4 Bxb4 10. Nxd4 Bb7 11. Bb2 Nf6 12. e5 Ne4 13. Bxe4 Bxe4 14. Qg4 Bg6 15. Nxb5 axb5 16. Qxb4 Bxc2 17. Rfc1 Bd3 18. Rc3 Bc4 19. Ba3 f6 20. Rg3 Kf7 21. exf6 gxf6 22. Qc5 h5 23. h4 Ra4 24. Bb4 d6 25. Qc6 Rxb4 26. Qb7+ Ke8 27. Rg7 Rf8 28. Qc6+ 1-0

[Event "Martorell op 35th"]
[Site "Martorell"]
[Date "2017.10.21"]
[Round "5"]
[White "Gual Pascual, Antonio"]
[Black "Campos Olaya, Israel"]
[Result "1-0"]
[WhiteElo "2392"]
[BlackElo "2189"]
[PlyCount "82"]
[EventDate "2017.09.16"]
[EventType "swiss"]
[EventRounds "9"]
[EventCountry "ESP"]
[SourceTitle "CBM 189 Extra"]
[Source "ChessBase"]
[SourceDate "2019.06.03"]
[SourceVersion "1"]
[SourceVersionDate "2019.06.03"]
[SourceQuality "1"]

1. d4 d5 2. c4 c6 3. Nf3 Nf6 4. Qc2 g6 5. Bf4 Bg7 6. e3 Bf5 7. Bd3 Bxd3 8. Qxd3 0-0 9. Nc3 dxc4 10. Qxc4 Nbd7 11. e4 Nh5 12. Bg5 h6 13. Be3 Nhf6 14. h3 Rc8 15. 0-0 Ne8 16. Rfd1 Nd6 17. Qe2 Nb6 18. Rac1 g5 19. h4 gxh4 20. Nxh4 e6 21. Qh5 Kh7 22. Bf4 Ndc4 23. b3 Qf6 24. Bg3 Nb2 25. Rd2 Qg5 26. Qe2 c5 27. Nf3 Qg4 28. e5 h5 29. dxc5 Rxc5 30. Rd4 Qg6 31. Qxb2 Rfc8 32. Nh4 Qg5 33. Kh2 Nd5 34. f4 Qg4 35. Ne2 Ne3 36. Qb1+ Kg8 37. Rxc5 Rxc5 38. Rd8+ Bf8 39. Qe1 Nd5 40. Ng1 Rc2 41. Ngf3 Kg7 1-0

[Event "Martorell op 35th"]
[Site "Martorell"]
[Date "2017.09.23"]
[Round "2"]
[White "Campos Olaya, Israel"]
[Black "Luque Castells, Jordi"]
[Result "1-0"]
[WhiteElo "2189"]
[BlackElo "2042"]
[PlyCount "83"]
[EventDate "2017.09.16"]
[EventType "swiss"]
[EventRounds "9"]
[EventCountry "ESP"]
[SourceTitle "CBM 189 Extra"]
[Source "ChessBase"]
[SourceDate "2019.06.03"]
[SourceVersion "1"]
[SourceVersionDate "2019.06.03"]
[SourceQuality "1"]

1. e4 e6 2. d4 c5 3. d5 exd5 4. exd5 d6 5. Nf3 Nf6 6. Nc3 Bg4 7. h3 Bxf3 8. Qxf3 a6 9. a4 Nbd7 10. Be2 Be7 11. Qg3 Ne5 12. 0-0 0-0 13. a5 Nfd7 14. Ra4 f5 15. f4 Ng6 16. Bd3 Bf6 17. Kh1 Bh4 18. Qf3 Qe8 19. Bd2 Ne7 20. Raa1 Qg6 21. Be1 Bf6 22. Rf2 Bd4 23. Re2 Rae8 24. Bh4 Qf7 25. Rae1 Ng6 26. Bf2 Rxe2 27. Rxe2 Nde5 28. fxe5 dxe5 29. Bc4 e4 30. Qh5 Qf6 31. d6+ Kh8 32. Nd5 Qxd6 33. c3 Bxf2 34. Rxf2 f4 35. Qe2 f3 36. Qxe4 fxg2+ 37. Kxg2 Rxf2+ 38. Kxf2 Qh2+ 39. Ke1 Qe5 40. Qxe5 Nxe5 41. Be2 c4 42. Ne3 1-0